THE YIELD LINE THEORY A PROGRMMED TEXT (Record no. 546791)

000 -LEADER
fixed length control field 00420 a2200145 4500
082 ## - DEWEY DECIMAL CLASSIFICATION NUMBER
Classification number 624.1771 YIE
Author Mark L-38-9-129
090 ## - LOCALLY ASSIGNED LC-TYPE CALL NUMBER (OCLC); LOCAL CALL NUMBER (RLIN)
-- 2802
-- 2802
100 ## - MAIN ENTRY--PERSONAL NAME
Personal name MILLS,GM
9 (RLIN) 42981
245 ## - TITLE STATEMENT
Title THE YIELD LINE THEORY A PROGRMMED TEXT
260 ## - PUBLICATION, DISTRIBUTION, ETC.
Place of publication, distribution, etc. LONDON
Name of publisher, distributor, etc. CONCRETE PUBLICATIONS
Date of publication, distribution, etc. 1970
300 ## - PHYSICAL DESCRIPTION
Dimensions 24CM
500 ## - GENERAL NOTE
General note CIVIL ENGINEERING
526 ## - STUDY PROGRAM INFORMATION NOTE
Program name 0
Interest level 0
Reading level 0
Title point value 624_177100000000000_YIE_L38912
942 ## - ADDED ENTRY ELEMENTS (KOHA)
Source of classification or shelving scheme
Institution code [OBSOLETE] MCE
Koha item type
Call number prefix 624.1771 YIE
Holdings
Withdrawn status Lost status Source of classification or shelving scheme Damaged status Not for loan Permanent Location Current Location Date acquired Total Checkouts Full call number Barcode Date last seen Price effective from Koha item type
          Military College of Engineering (MCE) Military College of Engineering (MCE) 06/19/2014   624.1771 YIE L-38-9-129 MCE-29753 06/19/2014 06/19/2014  
© 2023 Central Library, National University of Sciences and Technology. All Rights Reserved.